75_表記が2文字かつ読みが5文字以上の市区町村 - Statistics

General Stats
  • This quiz has been taken 54 times
  • The average score is 57 of 84
Answer Stats
表記
文字
読み
文字
都道府
県名
種類 市区町村名 % Correct
2 5 北海道 旭川市
93%
2 5 愛知県 一宮市
88%
2 5 千葉県 一宮町
88%
2 5 兵庫県 尼崎市
86%
2 5 岩手県 一関市
86%
2 5 山口県 下関市
86%
2 5 新潟県 上越市
86%
2 5 兵庫県 西宮市
83%
2 6 鳥取県 境港市
83%
2 5 宮城県 石巻市
81%
2 5 岩手県 奥州市
81%
2 5 新潟県 三条市
81%
2 5 東京都 特別区 新宿区
81%
2 5 山形県 新庄市
81%
2 5 岡山県 新庄村
81%
2 7 宮崎県 都城市
81%
2 5 滋賀県 愛荘町
79%
2 5 愛知県 安城市
79%
2 5 愛知県 蒲郡市
79%
2 5 兵庫県 宝塚市
79%
2 5 東京都 特別区 中央区
79%
2 5 山梨県 中央市
79%
2 5 北海道 登別市
79%
2 5 北海道 稚内市
79%
2 5 山形県 上山市
76%
2 5 福島県 郡山市
76%
2 5 山口県 周南市
76%
2 5 山形県 庄内町
76%
2 5 群馬県 館林市
76%
2 5 東京都 特別区 文京区
76%
2 5 新潟県 柏崎市
74%
2 5 山梨県 甲州市
74%
2 5 愛媛県 西条市
74%
2 5 千葉県 長生村
74%
2 5 沖縄県 南城市
74%
2 5 新潟県 妙高市
74%
2 5 茨城県 大洗町
71%
2 5 茨城県 桜川市
71%
2 5 北海道 占冠村
71%
2 5 茨城県 常総市
71%
2 5 広島県 庄原市
71%
2 5 香川県 土庄町
71%
2 5 沖縄県 中城村
71%
2 5 富山県 滑川市
71%
2 5 東京都 八丈町
71%
2 5 埼玉県 本庄市
71%
2 5 鹿児島県 枕崎市
71%
2 5 京都府 城陽市
69%
2 5 千葉県 流山市
69%
2 5 岩手県 雫石町
67%
2 5 埼玉県 所沢市
67%
2 5 北海道 新冠町
67%
2 5 岩手県 平泉町
67%
2 5 山口県 上関町
64%
2 5 千葉県 長南町
64%
2 6 千葉県 東庄町
64%
2 5 青森県 板柳町
62%
2 5 群馬県 大泉町
62%
2 5 兵庫県 上郡町
62%
2 5 滋賀県 竜王町
62%
2 6 青森県 東通村
62%
2 5 岩手県 岩泉町
60%
2 5 千葉県 御宿町
60%
2 5 富山県 入善町
60%
2 5 愛知県 東浦町
60%
2 5 福島県 泉崎村
57%
2 5 奈良県 広陵町
57%
2 5 北海道 積丹町
57%
2 5 青森県 中泊町
57%
2 5 北海道 京極町
55%
2 5 山梨県 西桂町
55%
2 5 岡山県 里庄町
52%
2 5 北海道 東川町
52%
2 5 福島県 鏡石町
50%
2 5 岡山県 勝央町
50%
2 5 長野県 天龍村
50%
2 5 静岡県 長泉町
50%
2 5 長野県 下條村
48%
2 5 宮崎県 川南町
43%
2 5 北海道 滝上町
43%
2 5 長野県 南牧村
43%
2 5 北海道 北竜町
40%
2 5 熊本県 玉東町
38%
2 5 福岡県 築上町
38%
No matching quizzes found
Score Distribution
Percent of People with Each Score
Percentile by Number Answered
Your Score History
You have not taken this quiz